Les meilleurs buteurs de l'Olympique Lyonnais - Statistiques

Statistiques générales
  • Ce quiz a été pris 368 fois
  • Le résultat moyen est 11 sur 20
Statistiques - réponses
Nationalité Nb Buts Joueur % Correct
France 152 Alexandre Lacazette
99%
Brésil 100 Juninho
90%
Pays-Bas 76 Memphis Depay
82%
France 66 Karim Benzema
77%
Argentine 82 Lisandro López
77%
France 69 Nabil Fekir
76%
Brésil 94 Sonny Anderson
73%
France 77 Sidney Govou
67%
France 117 Bernard Lacombe
64%
France 222 Fleury Di Nallo
62%
France 95 Bafétimbi Gomis
60%
France 70 Moussa Dembélé
48%
Côte d'Ivoire 51 Maxwel Cornet
45%
Brésil 43 Fred
40%
Algérie 41 Houssem Aouar
40%
France 107 Serge Chiesa
32%
France 51 Florian Maurice
10%
France 46 Péguy Luyindula
10%
France 62 Alain Caveglia
9%
Bosnie 52 Sima Nikolic
3%
Aucun quiz correspondant
Distribution des résultats
% des personnes avec chaque résultat
Percentile par nombre de réponses
Votre historique - résultats
Vous n’avez pas pris ce quiz